[Event "ARG-ch U14"]
[Site "Buenos Aires"]
[Date "2019.03.03"]
[Round "5.5"]
[White "Goldwasser, Jonathan"]
[Black "Boh, Luis Maximo"]
[Result "1-0"]
[WhiteElo "1763"]
[BlackElo "1626"]
[PlyCount "41"]
[EventDate "2019.03.01"]
[EventType "swiss"]
[EventRounds "9"]
[EventCountry "ARG"]
[SourceTitle "EXT 2024"]
[Source "ChessBase"]
[SourceDate "2023.10.10"]
[SourceVersion "1"]
[SourceVersionDate "2023.10.10"]
[SourceQuality "1"]

1. d4 d5 2. Bf4 Nf6 3. Nf3 e6 4. e3 c5 5. c3 Bd6 6. Ne5 Qc7 7. Bd3 Nbd7 8. Nxd7 Bxd7 9. Bxd6 Qxd6 10. Nd2 Bc6 11. Nf3 Rc8 12. Ne5 a6 13. a4 Nd7 14. f4 Nxe5 15. fxe5 Qd7 16. 0-0 0-0 17. Qh5 h6 18. Rf6 Qe7 19. Raf1 Rc7 20. Rxh6 gxh6 21. Rf6 1-0

[Event "Buenos Aires Szmetan Giardelli op"]
[Site "Buenos Aires"]
[Date "2018.12.09"]
[Round "6"]
[White "Gonzalez, Pablo"]
[Black "Goldwasser, Jonathan"]
[Result "0-1"]
[WhiteElo "1827"]
[BlackElo "1713"]
[PlyCount "117"]
[EventDate "2018.12.04"]
[EventType "swiss"]
[EventRounds "9"]
[EventCountry "ARG"]
[SourceTitle "CBM 187 Extra"]
[Source "ChessBase"]
[SourceDate "2018.11.04"]
[SourceVersion "1"]
[SourceVersionDate "2018.11.04"]
[SourceQuality "1"]

1. Nf3 c5 2. g3 Nf6 3. Bg2 g6 4. 0-0 Bg7 5. d3 0-0 6. e4 d6 7. Na3 Nc6 8. Nc4 Ng4 9. a4 Nge5 10. Nfxe5 Nxe5 11. Ne3 Nc6 12. c3 e6 13. h4 Qc7 14. h5 h6 15. Ng4 Kh7 16. f4 f5 17. hxg6+ Kxg6 18. Ne3 Ne7 19. g4 Kh7 20. g5 Bd7 21. Qh5 Be8 22. Qh3 Bg6 23. exf5 Nxf5 24. Be4 d5 25. Bxf5 Bxf5 26. Nxf5 exf5 27. Rf2 Rae8 28. Bd2 Qf7 29. Rg2 Qg6 30. Qf3 Qb6 31. Rb1 c4+ 32. Kh2 cxd3 33. Qxd3 Qb3 34. a5 Qc4 35. Qg3 Re6 36. Re1 Rfe8 37. b4 Qc7 38. Rh1 Rg6 39. Qd3 Qf7 40. Kg1 Ree6 41. Rh3 Qd7 42. Kh2 Rd6 43. Be3 d4 44. Bxd4 Bxd4 45. cxd4 Rxd4 46. Qg3 Rxb4 47. Rxh6+ Rxh6+ 48. gxh6 Qf7 49. Qh4 Qe8 50. Rg7+ Kh8 51. Re7 Rb2+ 52. Kg1 Qg8+ 53. Qg5 Rb1+ 54. Kf2 Rb2+ 55. Ke1 Rb1+ 56. Kf2 Rb2+ 57. Kf3 Qd5+ 58. Kg3 Qg2+ 59. Kh4 0-1

[Event "Buenos Aires Szmetan Giardelli op"]
[Site "Buenos Aires"]
[Date "2018.12.08"]
[Round "5"]
[White "Goldwasser, Jonathan"]
[Black "Benedetti, Antonella"]
[Result "1/2-1/2"]
[WhiteElo "1713"]
[BlackElo "1914"]
[PlyCount "38"]
[EventDate "2018.12.04"]
[EventType "swiss"]
[EventRounds "9"]
[EventCountry "ARG"]
[SourceTitle "CBM 187 Extra"]
[Source "ChessBase"]
[SourceDate "2018.11.04"]
[SourceVersion "1"]
[SourceVersionDate "2018.11.04"]
[SourceQuality "1"]

1. e4 Nc6 2. Nf3 e5 3. Nc3 Nf6 4. d4 exd4 5. Nxd4 Bb4 6. Nxc6 bxc6 7. Bd3 d5 8. exd5 Qe7+ 9. Kf1 0-0 10. Bg5 Bxc3 11. bxc3 cxd5 12. h4 Qe5 13. Qf3 Rb8 14. Bxf6 Qxf6 15. Qxf6 gxf6 16. Ke2 c5 17. Kd2 Re8 18. Rab1 Bg4 19. f3 Be6 1/2-1/2

[Event "ARG-ch U1700"]
[Site "Tacuari"]
[Date "2018.11.19"]
[Round "7"]
[White "Goldwasser, Jonathan"]
[Black "Marinesco, Tomas"]
[Result "1/2-1/2"]
[WhiteElo "1611"]
[BlackElo "1493"]
[PlyCount "84"]
[EventDate "2018.11.16"]
[EventType "swiss"]
[EventRounds "8"]
[EventCountry "ARG"]
[SourceTitle "EXT 2020"]
[Source "ChessBase"]
[SourceDate "2019.10.17"]
[SourceVersion "1"]
[SourceVersionDate "2019.10.17"]
[SourceQuality "1"]

1. d4 Nf6 2. Bf4 d5 3. Nf3 Bg4 4. e3 h6 5. Be2 e6 6. Nbd2 Bd6 7. Ne5 Bxe2 8. Qxe2 Nbd7 9. h3 0-0 10. Bh2 a6 11. 0-0 c5 12. c3 Be7 13. f4 Nxe5 14. fxe5 Nd7 15. e4 Nb6 16. exd5 Nxd5 17. Ne4 cxd4 18. cxd4 Kh8 19. Kh1 f6 20. exf6 Nxf6 21. Nxf6 Bxf6 22. Be5 Bxe5 23. dxe5 Qe7 24. Rxf8+ Rxf8 25. Rd1 Rd8 26. Rxd8+ Qxd8 27. Qc4 Qe7 28. Qc8+ Kh7 29. Kg1 Qf7 30. Qc2+ Kh8 31. Qf2 Kg8 32. Qxf7+ Kxf7 33. Kf2 Ke7 34. Ke3 Kd7 35. Kd4 b6 36. a4 Kc6 37. b4 a5 38. b5+ Kd7 39. Ke4 Ke7 40. Kf4 Kf7 41. Kf3 g6 42. g4 g5 1/2-1/2

[Event "ARG-ch U1700"]
[Site "Tacuari"]
[Date "2018.11.18"]
[Round "5"]
[White "Goldwasser, Jonathan"]
[Black "Lucero, Franco Damian"]
[Result "1-0"]
[WhiteElo "1611"]
[BlackElo "1369"]
[PlyCount "90"]
[EventDate "2018.11.16"]
[EventType "swiss"]
[EventRounds "8"]
[EventCountry "ARG"]
[SourceTitle "EXT 2020"]
[Source "ChessBase"]
[SourceDate "2019.10.17"]
[SourceVersion "1"]
[SourceVersionDate "2019.10.17"]
[SourceQuality "1"]

1. d4 c5 2. c3 e6 3. Bf4 d5 4. e3 c4 5. a4 Bd6 6. Bg3 Nf6 7. Nd2 Ne4 8. Nxe4 dxe4 9. Bxc4 Nc6 10. Bb5 Qc7 11. d5 Bxg3 12. hxg3 exd5 13. Qxd5 f5 14. Ne2 Bd7 15. Nd4 Nxd4 16. Qxd7+ Qxd7 17. Bxd7+ Kxd7 18. Rd1 Kc6 19. Rxd4 h6 20. Ke2 Rad8 21. Rhd1 Rxd4 22. Rxd4 g5 23. b4 a6 24. c4 Rf8 25. c5 Rf6 26. g4 fxg4 27. Rxe4 h5 28. Re5 Rg6 29. f3 gxf3+ 30. gxf3 h4 31. Kf2 g4 32. Rh5 gxf3 33. Rxh4 Rg2+ 34. Kxf3 Ra2 35. a5 Kb5 36. Rd4 Rb2 37. e4 Rxb4 38. Rxb4+ Kxb4 39. Kf4 Kxa5 40. e5 Kb5 41. Kf5 Kxc5 42. e6 b5 43. e7 Kb4 44. e8Q Ka4 45. Kf4 a5 1-0